000 00295nam a22001337a 4500
008 170512b xxu||||| |||| 00| 0 eng d
020 _a9781566562270
041 _aeng
080 _a94
100 _a16
101 _aSHH
245 _aWAR IN THE LAND OF EGJYPT
_cAL-QA'ID, Y
942 _2udc
_cBK
999 _c13302
_d13302